| 000 | 00662nam a2200229 a 4500 | ||
|---|---|---|---|
| 008 | 951121s1989||||[C 0 slo c | ||
| 020 |
_a8022200107 _c40 Kčs. _q(26000 výtl.) |
||
| 040 |
_aSNK _bslo _cSNK _eAACR2 |
||
| 041 | 1 |
_aslo _hfre |
|
| 044 |
_axo _cSK |
||
| 080 | _a840-3 | ||
| 080 | _a944"1789/1794" | ||
| 100 | 1 |
_aDumas, Alexandre _4aut |
|
| 245 | 1 | 0 |
_aDobytie Bastilly _cAlexandre Dumas ; Ondrej Mrlian, Fedor Kiš |
| 250 | _a2., vyd. | ||
| 260 |
_aBratislava _bTatran _c1989 _eBratislava _fPravda |
||
| 300 |
_a592 s., 34,92 AH _c21 cm |
||
| 490 | 0 |
_aMeteor _vZv. 126. |
|
| 700 | 1 |
_aMrlian, Ondrej _4trl |
|
| 700 | 1 |
_aKiš, Fedor _4bkd |
|
| 958 | _aA | ||
| 999 |
_c10361 _d10361 |
||